Life sciences, society and policy
"Life Sciences, Society and Policy is a peer-reviewed, Open Access journal devoted to fostering responsible innovation and sustainable development by providing an academic forum for engaged scholarship, interdisciplinary research, critical reflection and informed discussion concerning the ethical, s...
| Título anterior: | Genomics, society, and policy |
|---|---|
| Autores Corporativos: | , |
| Formato: | Electrónico Revista |
| Lenguaje: | inglés |
| Publicado: |
Heidelberg, Germany :
Springer-Verlag, GmbH,
[2013-2017]
[London, United Kingdom] : BioMed Central |
| Materias: | |
| Acceso en línea: | Full text available from Research Library: 03/01/2013 to present |
MARC
| LEADER | 00000nas a2200000 i 4500 | ||
|---|---|---|---|
| 001 | ssj0000866589 | ||
| 003 | WaSeSS | ||
| 005 | 20200512172242.0 | ||
| 006 | m d | ||
| 007 | cr n | ||
| 008 | 130313c20139999enkuu p s 0 a0eng c | ||
| 010 | |a 2013254524 | ||
| 016 | 7 | |a 101603561 |2 DNLM | |
| 022 | |a 2195-7819 |l 2195-7819 | ||
| 035 | |a (WaSeSS)ssj0000866589 | ||
| 040 | |a CNCGM |b eng |c CNCGM |d CUV |d NLM |d OCLCO |d OCLCQ |d OCLCF |d OCLCO |d CUS |d OCLCQ |d OCLCO |d CASUM |d OCLCO |d OCLCA |d DLC |d OCLCA |d OCL |d NLM |d NTG |d OCLCA |d UAB |d OCL |d OCLCQ |d WaSeSS | ||
| 042 | |a pcc | ||
| 050 | 0 | 0 | |a QH332 |
| 050 | 1 | 4 | |a QH438.7 |
| 050 | 1 | 4 | |a QH433 |
| 060 | 1 | 0 | |a W1 |
| 210 | 1 | 0 | |a Life Sci Soc Policy |2 dnlm |
| 245 | 0 | 0 | |a Life sciences, society and policy |h [electronic resource]. |
| 246 | 1 | |a LSSP | |
| 260 | |a Heidelberg, Germany : |b Springer-Verlag, GmbH, |c [2013-2017] | ||
| 260 | 3 | |3 [2018]- : |a [London, United Kingdom] : |b BioMed Central | |
| 362 | 1 | |a Began with vol. 9 (Mar. 2013). | |
| 506 | |a License restrictions may limit access. | ||
| 520 | |a "Life Sciences, Society and Policy is a peer-reviewed, Open Access journal devoted to fostering responsible innovation and sustainable development by providing an academic forum for engaged scholarship, interdisciplinary research, critical reflection and informed discussion concerning the ethical, social and legal dimensions of the life sciences, resulting in insights, tools and recommendations for civil society, policy, industry and education. Its aim is to analyze and assess the interrelatedness of emerging life sciences, society and policy." | ||
| 588 | |a Description based on: Vol. 9 (March 2013); title from homepage (viewed April 1, 2013). | ||
| 588 | |a Latest issue consulted: Volume 13, issue 1 (December 2017) (Springer viewd November 16, 2017). | ||
| 650 | 0 | |a Bioethics |v Periodicals. | |
| 650 | 0 | |a Medical ethics |v Periodicals. | |
| 650 | 0 | |a Genomics |x Social aspects |v Periodicals. | |
| 650 | 0 | |a Genomics |x Political aspects |v Periodicals. | |
| 650 | 0 | |a Genomics |x Moral and ethical aspects |v Periodicals. | |
| 650 | 1 | 2 | |a Bioethics. |
| 650 | 2 | 2 | |a Public Policy. |
| 650 | 7 | |a Genomics |x Moral and ethical aspects. |2 fast |0 (OCoLC)fst01983796 | |
| 650 | 7 | |a Genomics |x Social aspects. |2 fast |0 (OCoLC)fst00940231 | |
| 650 | 7 | |a Bioethics. |2 fast |0 (OCoLC)fst00832038 | |
| 650 | 7 | |a Medical ethics. |2 fast |0 (OCoLC)fst01014081 | |
| 655 | 0 | |a Electronic journals. | |
| 710 | 2 | |a ESRC Genomics Network. | |
| 710 | 2 | |a CSG Centre for Society and the Life Sciences. | |
| 780 | 0 | 0 | |t Genomics, society, and policy |x 1746-5354 |w (DLC) 2006243421 |w (OCoLC)61232367 |
| 850 | |a DLC | ||
| 856 | 4 | 0 | |z Full text available from Research Library: 03/01/2013 to present |u https://search.proquest.com/publication/2034694 |